Music Quiz

Random Music or Kpop Quiz

Guess the Kpop song from English lyrics Quiz Stats

 Plays Quiz not verified by Sporcle

Challenge
Share
Tweet
Embed
Score 0/50 Timer 20:00
0 Plays Today
Hint Answer % Correct
Careless, careless, shoot anonymous, anonymous. Heartless. Mindless. No one who care about me.Mama
83.1%
In Seoul. To the skyN.O
69.7%
I want a big house, big cars, and big ringsNo More Dream
61%
Haha girl. This is my confession. Drop that beat.Beautiful
55%
You zoom zoom my heart like a rocketBeautiful Target
51.7%
I need therapy. Lalalalala therapy.On and On
45.1%
I'm heartsick. Heal me. Be crazy. Can't let you go.Bad Girl
43.2%
You just get to rock to me. Kna mean?One Shot
41.6%
Don't deny our r squared pi.0330
39.8%
We bobbin' to the music music. This song is groovy groovy.Nillili Mambo
39.2%
Monday, Tuesday, Wednesday, Thursday, Friday, Saturday, SundayMazeltov
33.9%
Dance to the left, to the right. You make me feel alive-live wonderful tonight-nightRock Ur Body
33%
You're not a bad girl.Janus
31.6%
Hey hey movin' movin'. Hey hey movin' mountain.Wow
29.6%
I'm breaking my rules againMirotic
27.8%
I really wanna touch myselfPurple Line
27.7%
I'm not a vampire. I'm not a night ghost.Shadow
26.7%
Yeah. Sounds good. We fly here.No Mercy
24.7%
Don't you wanna kill me?Kill Bill
24%
So cold when you do it to me like that. Frostbite but karma's gonna bite back. I can't believe all of the lies, building inside, now I know why.Standing Still
23.1%
I wanna make your body move. So don't stop baby let your body groove.Bounce
20.7%
Stop stop breaking my heart. I love you girl.Going Crazy
20.4%
I'm gonna let you go. Shut shut up and let me goDoradora
20.1%
I wanna love you all day. Wanna love you all night. You got me feeling so hot.Be Ma Girl
19.2%
What are you talking about all of the sudden.Stay
19.2%
Hint Answer % Correct
Tonight's atmosphere is hazy. I enjoy the thrill. It's crazyThriller
18.4%
But you better know that I'm not giving you away. Will I ever stop waiting? No way. It'll be the same in my world. I'm your boy, you're my girl.I'll Be Back
18.3%
Me and my girlfriend, we ride or dieR.O.D
18%
Press down on all fours. Stand up. Fight back. The world it's yours.Action
17.2%
We got the flow. It's break your naughty.The Shinee World
14.8%
I'm deep inside of you. I can't get overBe the Light
11.8%
I like your move and the curve and the look on the faceLa Di Da Di
10.9%
Get it out. Get it out. Get it out.Bad Boy
10.9%
What are you doing? What are you doing?Say It
9.7%
You make me feel aliveGhost of the Wind
8.9%
Crazy hot man party. Shorty drop it low for me. You can keep me company. You look sweet, smell like honey.Number 1
8.4%
I wanna feel you. We're getting stronger. I wanna listen to you. Cuz I love you so much.Without You
8.4%
Man I don't know what to do no more.Shaking Heart
8.4%
Come and be my dream girl. Right here right nowNightmare
8.1%
Just watch me do this. Take a breath. Hold tight. I'm never going down without a fight.Don't Stop Can't Stop
6.7%
I don't think you hear me. So take me there. Yeah, I like your everythingBeautiful Ghost
6.1%
Yo listen. You want the finer things. I'll give you anything and make your heart sing sweet like a violinMy Everything
5.7%
Now here I come. I give it to her straight up and down.Lollipop Pt 2
5.5%
Pump it. Stomp it. Haters just knockin'. All the people know I'm the 2 o'clock. Clock this.True Swag
4.6%
I hear that. Never forget you. I'll find my baby.Nothing's over
4.4%
I wanna get me some of that.Get Me Some
4%
We're just having fun. Ladies and Gentlemen, it's getting right timeHeadbanging
3.6%
See me falling. But yeah I can't be the only oneLove Alone
3.4%
Everybody just goin' likeYou Hoooo
2.7%
Y'all gotta hold it down. So keep it up. Show some of your real skill, real swagBbang Bbang
1.9%

You're not logged in!

Compare scores with friends on all Sporcle quizzes.
Join for Free
OR
Log In

You Might Also Like...

Show Comments

Extras

Created Nov 3, 2013ReportNominate
Tags:Kpop Quiz, k-pop, Kpop Quiz

Top Quizzes Today


Score Distribution

Your Account Isn't Verified!

In order to create a playlist on Sporcle, you need to verify the email address you used during registration. Go to your Sporcle Settings to finish the process.

Report this User

Report this user for behavior that violates our Community Guidelines.

Details: